Humanist educational treatises
Sábháilte in:
| Príomhchruthaitheoir: | |
|---|---|
| Formáid: | LEABHAR |
| Teanga: | Béarla |
| Foilsithe / Cruthaithe: |
Cambridge
Harvard University Press
2002
|
| Eagrán: | 1a. ed |
| Sraith: | The I Tatti Renaissance Library
|
| Ábhair: | |
| Clibeanna: |
Cuir clib leis
Níl clibeanna ann, Bí ar an gcéad duine le clib a chur leis an taifead seo!
|
MARC
| LEADER | 00000cam a2200000 a 4500 | ||
|---|---|---|---|
| 001 | UCC1936 | ||
| 003 | CL-VaPUC | ||
| 008 | 171208e20020000uk |||||||||||||||||eng|d | ||
| 020 | |a 067400759X | ||
| 082 | 0 | 4 | |a 370.112 |b KAL |2 21 |
| 100 | 0 | |a Kallendorf, Craig W |e author |9 596042 | |
| 245 | 1 | 0 | |a Humanist educational treatises |
| 250 | |a 1a. ed | ||
| 300 | |a 358 p | ||
| 942 | |c BK | ||
| 945 | |d 20171208 18:54:00 |a arojas | ||
| 260 | |a Cambridge |b Harvard University Press |c 2002 | ||
| 650 | 0 | |a Humanismo |9 256530 | |
| 650 | 7 | |a EDUCACION HUMANISTA |2 CL-VaPUC |9 596043 | |
| 650 | 7 | |a LIBERTAD DE EDUCACION |2 CL-VaPUC |9 350948 | |
| 583 | |a last modification |c 20171208 18:54:00 |k Rodrigo Vera | ||
| 490 | 0 | |a The I Tatti Renaissance Library | |
| 999 | |c 370266 |d 370264 | ||
| 952 | |0 0 |1 0 |2 ddc |3 erd |4 0 |6 370_112000000000000_KAL_2002 |7 0 |8 A |9 486629 |a BIBHIS |b BIBHIS |i 5441269 |l 1 |o 370.112 KAL 2002 |p 5441269 |r 2025-01-20 |s 2021-05-27 |w 2019-11-24 |y BK |z Catalogado en:20171208 |k HIS | ||